| 000 | 01078nam a2200289 a 4500 | ||
|---|---|---|---|
| 001 | 67257 | ||
| 003 | BD-RjUL | ||
| 005 | 20211209081630.0 | ||
| 008 | 170328s1982 cou 100 0 eng d | ||
| 020 | _a0865313857 | ||
| 035 | _a(BD-RjUL)67388 | ||
| 040 |
_aDLC _cDLC _dDLC _dOCoLC _dDLC _dBD-RjUL _beng |
||
| 041 | _aeng | ||
| 082 | 0 | 0 |
_223 _a333.79 _bENE 1982 |
| 245 | 0 | 0 |
_aEnergy in the transition from rural subsistence / _cedited by Miguel S. Wionczek, Gerald Foley and Ariane van Buren. |
| 260 |
_aBoulder, Colo. : _bWestview Press, _c1982. |
||
| 300 |
_axv, 208 p. ; _c24 cm. |
||
| 650 | 0 |
_aEnergy _9199274 |
|
| 700 | 1 |
_aWionczek, Miguel S. _9155876 |
|
| 700 | 1 |
_aFoley, Gerald, _d1936- _9199277 |
|
| 700 | 1 |
_aVan Buren, Ariane. _9199278 |
|
| 710 | 2 |
_aInternational Institute for Environment and Development. _9199279 |
|
| 710 | 2 |
_aColegio de México. _9199280 |
|
| 830 |
_aWestview special studies in social, political, and economic development _9202275 |
||
| 942 |
_2ddc _cBK |
||
| 999 |
_c67257 _d67257 |
||